• 首页
  • 本馆介绍
  • 公告通知
  • 最新文献
  • 馆藏检索
  • 电子资源
  • 读者导购
  • 参考咨询
  • 我的图书馆
  • 登录
  • 详细信息显示
  • 放入我的书架
  • 预约/预借图书
  • 作者相关作品
  • 分类相关作品
  • 丛书相关作品
  • 出版社相关作品

书目信息

  • 表格格式
  • 工作单格式
  • 卡片格式
题名:
繁荣的求索
    
 
作者: 林毅夫 著 ;张建华 译
分册:  
出版信息: 北京   北京大学出版社  2012.09
页数: 10,295页
开本: 24cm
丛书名:
单 册:
中图分类: F112.1
科图分类:
主题词: 发展中国家--经济发展--研究 , 发展中国家 , 经济发展
电子资源:
ISBN: 978-7-301-17494-4
000 00936nam0 2200277 450
001 012012125051
005 20130608085001.98
010    @a978-7-301-17494-4@dCNY36.00
100    @a20121105d2012 em y0chiy50 ea
101 0  @achi
102    @aCN@b110000
105    @ay z 000yy
106    @ar
200 1  @a繁荣的求索@9fan rong de qiu suo@e发展中经济如何崛起@dThe quest for prosperity@ehow developing economies can take off@f林毅夫著@g张建华译@zeng
210    @a北京@c北京大学出版社@d2012.09
215    @a10,295页@d24cm
330    @a本书收录的文章总结了作者对中国和其他国家经济发展与转型问题的研究。
510 1  @aQuest for prosperity@ehow developing economies can take off@zeng
606 0  @a发展中国家@x经济发展@x研究
606 0  @a发展中国家
606 0  @a经济发展
690    @aF112.1@v5
701  0 @a林毅夫@9lin yi fu@4著
702  0 @a张建华@9zhang jian hua@4译
801  0 @aCN@bNLC@c20121105
905    @dF112.1@e151
    
    繁荣的求索:发展中经济如何崛起=The quest for prosperity:how developing economies can take off/林毅夫著/张建华译.-北京:北京大学出版社,2012.09
    10,295页;24cm
    
    
    ISBN 978-7-301-17494-4:CNY36.00
    本书收录的文章总结了作者对中国和其他国家经济发展与转型问题的研究。
●
相关链接 在E读中查询图书 在五车中查询图书 在当当中查询图书 在豆瓣中查询图书


正题名:繁荣的求索     索取号:F112.1/151         预约/预借

序号 登录号 条形码 馆藏地/架位号 状态 备注
1 0543988   205439881   第一样本阅览室/ [索取号:F112.1/151] 在馆    
2 0543989   205439890   第一借阅区/ [索取号:F112.1/151] 在馆    
3 0543990   205439907   第一借阅区/ [索取号:F112.1/151] 在馆    
4 0543991   205439916   第一借阅区/ [索取号:F112.1/151] 在馆    
5 0543992   205439925   第一借阅区/ [索取号:F112.1/151] 在馆    
唐山师范学院图书馆 欢迎您!
大连网信软件有限公司© 版权所有